[Event "Jaffna op"]
[Site "Jaffna"]
[Date "2023.12.09"]
[Round "4"]
[White "Herath, HMSSA"]
[Black "Sahu, Sekhar Chandra"]
[Result "1-0"]
[WhiteElo "1342"]
[BlackElo "1971"]
[PlyCount "78"]
[EventDate "2023.12.08"]
[EventType "swiss"]
[EventRounds "10"]
[EventCountry "SRI"]
[SourceTitle "CB51_2023"]
[SourceDate "2023.12.20"]
[SourceVersion "1"]
[SourceVersionDate "2023.12.20"]
[SourceQuality "1"]

1. e4 c5 2. Nf3 d6 3. Bc4 e6 4. d4 cxd4 5. Nxd4 Nf6 6. Bg5 Be7 7. 0-0 Nxe4 8. Bxe7 Qxe7 9. Qg4 f5 10. Qh5+ g6 11. Qh6 d5 12. Bb5+ Kf7 13. Nd2 Qg5 14. Qxg5 Nxg5 15. h4 Ne4 16. Nxe4 dxe4 17. Rad1 Ke7 18. Rd2 a6 19. Ba4 Bd7 20. Bxd7 Nxd7 21. Rfd1 Nf6 22. g3 Rhd8 23. Kf1 Rac8 24. Ke2 e5 25. Nb3 Rxd2+ 26. Rxd2 Ke6 27. c3 b6 28. Na1 h6 29. Nc2 g5 30. hxg5 hxg5 31. Rd1 f4 32. Rh1 Rd8 33. Rh6 Kf5 34. Nb4 a5 35. Nc6 Rd7 36. b4 Ng4 37. Rh8 axb4 38. cxb4 f3+ 39. Ke1 e3 1-0

[Event "Negambo op 4th"]
[Site "Negambo"]
[Date "2018.08.17"]
[Round "4"]
[White "Alahakoon, Isuru"]
[Black "Herath, HMSSA"]
[Result "1-0"]
[WhiteElo "2138"]
[BlackElo "1452"]
[PlyCount "57"]
[EventDate "2018.08.16"]
[EventType "swiss"]
[EventRounds "10"]
[EventCountry "SRI"]
[SourceTitle "CBM 186 Extra"]
[Source "ChessBase"]
[SourceDate "2018.08.24"]
[SourceVersion "1"]
[SourceVersionDate "2018.08.24"]
[SourceQuality "1"]

1. e4 d5 2. exd5 Qxd5 3. Nc3 Qd6 4. d4 Nf6 5. Nge2 a6 6. Bf4 Qd8 7. g3 g6 8. Bg2 Bg7 9. Qd2 Nbd7 10. Bh6 0-0 11. h4 c5 12. h5 cxd4 13. Nxd4 e5 14. Nf5 Bxh6 15. Nxh6+ Kh8 16. 0-0-0 Qe7 17. Qg5 Ng8 18. Qe3 Nxh6 19. Qxh6 Nf6 20. hxg6 fxg6 21. Qxg6 Qg7 22. Qxg7+ Kxg7 23. Rhe1 e4 24. Bxe4 Nxe4 25. Nxe4 Bf5 26. Nd6 Bg6 27. f4 h5 28. Re7+ Kh8 29. Rd4 1-0

[Event "Ambalangoda Dhamso op 5th"]
[Site "Ambalangoda"]
[Date "2015.05.31"]
[Round "5"]
[White "Priyankara, Chamil Y"]
[Black "Herath, HMSSA"]
[Result "1-0"]
[WhiteElo "1959"]
[BlackElo "1551"]
[PlyCount "93"]
[EventDate "2015.05.29"]
[EventType "swiss"]
[EventRounds "9"]
[EventCountry "SRI"]
[SourceTitle "EXT 2016"]
[Source "ChessBase"]
[SourceDate "2015.10.08"]
[SourceVersion "1"]
[SourceVersionDate "2015.10.08"]
[SourceQuality "1"]

1. d4 f5 2. g4 fxg4 3. e4 d5 4. e5 Bf5 5. Bd3 Qd7 6. Nc3 c6 7. h3 Bxd3 8. Qxd3 Na6 9. Be3 0-0-0 10. 0-0-0 g6 11. hxg4 Qxg4 12. Nge2 Qf5 13. Qxf5+ gxf5 14. Rh5 e6 15. Nf4 h6 16. Nxe6 Re8 17. Nxf8 Rxf8 18. Ne2 Nc7 19. Nf4 Ne7 20. Rdh1 Rfg8 21. Rxh6 Rxh6 22. Rxh6 a5 23. Rh7 Ng6 24. Nxg6 Rxg6 25. Rf7 f4 26. Rxf4 Ne6 27. Rf7 Ng5 28. Bxg5 Rxg5 29. Kd2 c5 30. c3 cxd4 31. cxd4 Rg4 32. Kd3 Rg1 33. Rf6 Rd1+ 34. Kc3 Rc1+ 35. Kd2 Rc4 36. Kd3 Rb4 37. b3 a4 38. Kc3 axb3 39. axb3 Rb5 40. b4 Kc7 41. f4 Rb6 42. Rxb6 Kxb6 43. f5 Kc7 44. b5 b6 45. Kd2 Kd7 46. Ke3 Ke7 47. Kf4 1-0

[Event "Ambalangoda Dhamso op 5th"]
[Site "Ambalangoda"]
[Date "2015.05.30"]
[Round "4"]
[White "Herath, HMSSA"]
[Black "Yashora, Tiumi"]
[Result "1-0"]
[WhiteElo "1551"]
[BlackElo "1798"]
[PlyCount "51"]
[EventDate "2015.05.29"]
[EventType "swiss"]
[EventRounds "9"]
[EventCountry "SRI"]
[SourceTitle "EXT 2016"]
[Source "ChessBase"]
[SourceDate "2015.10.08"]
[SourceVersion "1"]
[SourceVersionDate "2015.10.08"]
[SourceQuality "1"]

1. b4 d5 2. Bb2 f6 3. e3 e5 4. a3 Be6 5. g3 Qd7 6. Bg2 a5 7. bxa5 Rxa5 8. Nc3 b5 9. Nge2 b4 10. axb4 Bxb4 11. Rxa5 Bxa5 12. Qa1 Nc6 13. 0-0 Nge7 14. f4 0-0 15. Ba3 e4 16. Bxe7 Bxc3 17. Qxc3 Nxe7 18. Nd4 Rc8 19. Qc5 Bf7 20. Bh3 Qxh3 21. Qxe7 c5 22. Nc6 Be8 23. f5 Ra8 24. Nd8 Qh5 25. Ne6 Qf7 26. Qxc5 1-0